Statistics for Most Countries in Oceania You Can Name in 30 Seconds

Click here to take the quiz!

General Stats

  • This quiz has been taken 3,574 times
    (3,572 since last reset)
  • The average score is 9 of 14

Answer Stats

Country in Oceania% Correct
Australia
91%
New Zealand
85%
Fiji
81%
Samoa
72%
Palau
71%
Nauru
70%
Tonga
70%
Tuvalu
70%
Vanuatu
66%
Federated States of Micronesia
64%
Kiribati
62%
Marshall Islands
62%
Solomon Islands
61%
Papua New Guinea
44%

Score Distribution

Percentile by Number Answered

Percent of People with Each Score

Your Score History

You have not taken this quiz since the last reset